Governabilitat, lideratge comunitari i els nous ajuntaments / Michael Clarke i John Steward
Descripción Física:
27 p. ; 30 cm
Colección:
Ressenya ; 3
Otros Autores:
Steward, John
Materias:
Administració local -- Anglaterra
MARC
| LEADER | 00000nam a2200000Ia 4500 | ||
|---|---|---|---|
| 001 | 17054 | ||
| 003 | BGR | ||
| 005 | 20260324175633.0 | ||
| 008 | 160829s2001 xx 000 0 cat d | ||
| 080 | |a FU-32-18 | ||
| 100 | |a Clarke, Michael |9 36185 | ||
| 245 | |a Governabilitat, lideratge comunitari i els nous ajuntaments / Michael Clarke i John Steward | ||
| 250 | |a Ed. no venal | ||
| 260 | |a [Barcelona] : |b Flor de Maig, Diputació de Barcelona, |c 2001 | ||
| 300 | |a 27 p. ; |c 30 cm | ||
| 490 | |a Ressenya ; 3 | ||
| 590 | |a A la coberta: Diputació de Barcelona, Xarxa de Municipis ; Flor de Maig, Centre per a la Innovació Local | ||
| 650 | 0 | |a Administració local |z Anglaterra |9 36186 | |
| 700 | |a Steward, John |9 36188 | ||
| 710 | 2 | |a Joseph Rowntree Foundation |9 71301 | |
| 901 | |a Arxiu | ||
| 942 | |n 1 |2 udc |c MON | ||
| 952 | |0 0 |1 0 |4 0 |6 FU3218 |7 1 |9 47208 |a Arxiu |b Arxiu |d 2016-12-01 |l 0 |o FU-32-18 |p 17054 |r 2016-12-01 00:00:00 |w 2016-12-01 |y ARXIU | ||
| 999 | |c 51005 |d 51005 | ||